000 00611nam a2200217 i 4500
001 89935
003 ES-MaACL
005 20230906180315.0
007 t|
008 050117s1952 sp a |||| | spa d
100 1 _aLea, Tom.
_970945
245 1 0 _aToros bravos /
_cTom Lea ; [versión española de Joaquín Verdaguer].
250 _a1ª ed.
260 _aBarcelona :
_bLuis de Caralt,
_c1952 (
_fAgustín Núñez)
300 _a246 p. :
_bil. ;
_c21 cm.
490 1 _aGigante
700 1 _aVerdaguer, Joaquín.
_9114000
830 0 _aGigante
_9181050
852 _aES-MaACL
_jD-8192
999 _c89935
_d89935